[Event "29th Czech Open B 2018"]
[Site "Pardubice CZE"]
[Date "2018.07.20"]
[Round "1.1"]
[White "Kuzmin, G."]
[Black "Lorenc, Adam"]
[Result "1-0"]
[WhiteElo "2298"]
[BlackElo "1901"]
[WhiteFideId "4132041"]
[BlackFideId "376892"]
[EventDate "2018.07.20"]

1. d4 e6 2. Nf3 d5 3. c4 Nf6 4. Nc3 Be7 5. e3 c5 6. dxc5 Bxc5 7. a3 O-O 8. b4
Be7 9. cxd5 exd5 10. Bb2 Bf5 11. Nd4 Bg6 12. h4 Nc6 13. h5 Be4 14. f3 Nxd4 15.
Qxd4 Bf5 16. g4 Be6 17. h6 Ne8 18. hxg7 Nxg7 19. Nxd5 f6 20. Nxe7+ Qxe7 21. Bd3
f5 22. gxf5 Bxf5 23. Rg1 Bg6 24. Bxg6 hxg6 25. Rxg6 Rf7 26. O-O-O Rc8+ 27. Kb1 1-0

[Event "29th Czech Open B 2018"]
[Site "Pardubice CZE"]
[Date "2018.07.20"]
[Round "1.2"]
[White "Jiricek, Jakub"]
[Black "Gabr, Mohsen"]
[Result "0-1"]
[BlackTitle "FM"]
[WhiteElo "1898"]
[BlackElo "2287"]
[WhiteFideId "377040"]
[BlackFideId "10619593"]
[EventDate "2018.07.20"]

1. d4 g6 2. f4 Bg7 3. Nf3 Nf6 4. Nbd2 c5 5. e3 Qc7 6. c3 O-O 7. Bd3 cxd4 8. cxd4
Nc6 9. O-O d6 10. Nb3 e5 11. e4 exd4 12. Nfxd4 Qb6 13. Be2 Nxd4 14. Qxd4 Nxe4
15. Qxb6 axb6 16. Bd3 Nc5 17. Nxc5 bxc5 18. f5 Bd4+ 19. Kh1 d5 20. Bh6 Re8 21.
g4 Bd7 22. h4 Bc6 23. h5 c4 24. fxg6 fxg6 25. Bc2 Bxb2 26. Rae1 d4+ 27. Kg1 d3
28. Bd1 Bd4+ 29. Kh2 Rxe1 30. Rxe1 Rxa2+ 31. Kh3 Bg2+ 32. Kh2 Be4+ 33. Kh3 Be5
34. g5 Bf5+ 0-1

[Event "29th Czech Open B 2018"]
[Site "Pardubice CZE"]
[Date "2018.07.20"]
[Round "1.3"]
[White "Filipenko, Alexander V"]
[Black "Ungure, Liga"]
[Result "1-0"]
[WhiteTitle "IM"]
[BlackTitle "WFM"]
[WhiteElo "2266"]
[BlackElo "1896"]
[WhiteFideId "4104471"]
[BlackFideId "11600330"]
[EventDate "2018.07.20"]

1. e4 c5 2. Nf3 d6 3. d4 Nf6 4. Nc3 cxd4 5. Nxd4 a6 6. g3 e5 7. Nb3 Be7 8. Bg2
b5 9. Nd5 Bb7 10. Nxe7 Qxe7 11. Na5 Bc8 12. O-O Qc7 13. Bd2 O-O 14. c4 Nc6 15.
Nxc6 Qxc6 16. cxb5 axb5 17. Qe2 Qc2 18. Qe3 Qxb2 19. Rfb1 Qc2 20. a3 Bd7 21. Bb4
Rfc8 22. Bxd6 Rc3 23. Rc1 Rxe3 24. Rxc2 Rd3 25. Bb4 Rc8 26. Rxc8+ Bxc8 27. Bf1
Rd4 28. f3 Bd7 29. Rc1 h5 30. h4 Nh7 31. Bxb5 g5 32. Bxd7 Rxd7 33. Kf2 g4 1-0

[Event "29th Czech Open B 2018"]
[Site "Pardubice CZE"]
[Date "2018.07.20"]
[Round "1.4"]
[White "Horak, Jan"]
[Black "Mirzoeva, Elmira"]
[Result "0-1"]
[BlackTitle "WGM"]
[WhiteElo "1896"]
[BlackElo "2249"]
[WhiteFideId "390208"]
[BlackFideId "4127951"]
[EventDate "2018.07.20"]

1. e4 d6 2. d4 Nf6 3. Nc3 e5 4. Nf3 Nbd7 5. Bc4 Be7 6. O-O O-O 7. h3 c6 8. a4 a5
9. Re1 Nb6 10. Bb3 Nfd7 11. Ne2 exd4 12. Nexd4 Nc5 13. c3 Nxb3 14. Qxb3 d5 15.
exd5 Nxd5 16. Bd2 Bc5 17. Rad1 Qf6 18. Qc2 h6 19. Qb1 Nf4 20. Qe4 Ne6 21. Nb3
Bb6 22. Be3 Bxe3 23. Qxe3 Nf4 24. Rd4 Nd5 25. Qe5 Qxe5 26. Rxe5 f6 27. Re1 Bf5
28. c4 Nb4 29. Re7 Rf7 30. Rxf7 Kxf7 31. Nh4 Be6 32. Nc5 g5 33. Nf3 b6 34. Nd7
Ke7 35. Nxb6 Rb8 36. c5 Na6 37. Nc4 Bxc4 38. Rxc4 Rxb2 39. Nd4 Rb1+ 40. Kh2 Kd7
41. Nf5 Rb4 42. Rc2 h5 43. Ng7 Rxa4 44. Nxh5 Ke6 45. Re2+ Kf7 46. Rd2 Rc4 47.
Rd7+ Kg6 48. g4 Nxc5 49. Rg7+ Kh6 50. Rf7 Ne4 51. f3 Rc2+ 52. Kg1 Nf2 53. Rxf6+
Kh7 54. Rf7+ Kg8 55. Ra7 Nxh3+ 56. Kf1 Ra2 57. Ra6 a4 58. Nf6+ Kf7 59. Ne4 a3
60. Nc3 Ra1+ 61. Ke2 Nf4+ 62. Kd2 Nd5 63. Ra7+ Ke6 64. Kc2 Nxc3 65. Kxc3 Rf1 66.
Ra5 Rxf3+ 67. Kc2 Kf6 68. Rc5 Rg3 69. Rxc6+ Ke5 70. Rc4 Rg2+ 71. Kb1 Re2 72. Ra4
a2+ 73. Ka1 Re4 74. Ra8 Rxg4 75. Rf8 Ra4 76. Rf2 g4 77. Rf1 g3 78. Rf3 Rg4 0-1

[Event "29th Czech Open B 2018"]
[Site "Pardubice CZE"]
[Date "2018.07.20"]
[Round "1.5"]
[White "Aliferenko, Aleksei"]
[Black "Schoenfeld, Dietmar"]
[Result "1-0"]
[WhiteElo "2211"]
[BlackElo "1896"]
[WhiteFideId "14111977"]
[BlackFideId "4667832"]
[EventDate "2018.07.20"]

1. d4 Nf6 2. Nf3 g6 3. g3 Bg7 4. Bg2 d6 5. b3 O-O 6. Bb2 c5 7. d5 Nbd7 8. O-O b6
9. c4 a6 10. Nbd2 Rb8 11. e4 b5 12. Qc2 bxc4 13. Nxc4 Nb6 14. Nfd2 Nxc4 15. Nxc4
Bb7 16. Rad1 Nd7 17. Bxg7 Kxg7 18. Qc3+ Kg8 19. f4 Nb6 20. Na5 Qc7 21. e5 Rfd8
22. f5 Ba8 23. e6 f6 24. fxg6 hxg6 25. Rf4 Kg7 26. Be4 Rh8 27. Nc4 Nxc4 28. bxc4
Rh6 29. Rg4 Rg8 30. Qc2 Kh7 31. h4 f5 32. Bxf5 gxf5 33. Qxf5+ Kh8 34. Rxg8+ Kxg8
35. Qf7+ Kh8 36. Qf8+ Kh7 37. Rf1 Rf6 38. Rxf6 exf6 39. e7 1-0

[Event "29th Czech Open B 2018"]
[Site "Pardubice CZE"]
[Date "2018.07.20"]
[Round "1.6"]
[White "Kronowetter, Borivoj"]
[Black "Taranenko, Evgueniy"]
[Result "0-1"]
[WhiteElo "1895"]
[BlackElo "2204"]
[WhiteFideId "385522"]
[BlackFideId "14122138"]
[EventDate "2018.07.20"]

1. e4 Nc6 2. d4 d5 3. exd5 Qxd5 4. Nf3 Bg4 5. Be2 O-O-O 6. c3 e5 7. O-O exd4 8.
cxd4 Nxd4 9. Nxd4 Bxe2 10. Qxe2 Qxd4 11. Nc3 Qd3 12. Qg4+ Qd7 13. Qf3 Nf6 14.
Bg5 Qd3 15. Qf4 Bd6 16. Qa4 a6 17. Rac1 Qf5 18. Bh4 Qf4 19. Qxf4 Bxf4 20. Rc2
Rhe8 21. Bg3 Rd2 22. Rxd2 Bxd2 23. Nb1 Ba5 24. Na3 b5 25. f3 Re2 26. Rf2 Bb6 27.
Kf1 Rxf2+ 28. Bxf2 Bxf2 29. Kxf2 Nd5 30. Nc2 c5 31. g3 Kd7 32. f4 a5 33. Kf3 Nb4
34. Ne3 Nxa2 35. Ke4 Nb4 36. Nf5 g6 37. Ne3 Kd6 38. f5 a4 39. g4 Nc6 40. Nd5
gxf5+ 41. gxf5 Ne7 42. Nc3 Kc6 43. Ke5 Ng8 44. h3 Nh6 45. Kf6 b4 46. Nxa4 c4 0-1

[Event "29th Czech Open B 2018"]
[Site "Pardubice CZE"]
[Date "2018.07.20"]
[Round "1.7"]
[White "Smirnov, Boris"]
[Black "Smelykh, Edvin"]
[Result "1-0"]
[WhiteElo "2200"]
[BlackElo "1893"]
[WhiteFideId "4149971"]
[BlackFideId "54113962"]
[EventDate "2018.07.20"]

1. e4 c5 2. Nf3 e6 3. d4 cxd4 4. Nxd4 a6 5. Nc3 Qc7 6. Qf3 Nf6 7. Nb3 Be7 8. g4
h6 9. h4 Nc6 10. Bd2 Ne5 11. Qg3 d6 12. Be2 b6 13. O-O-O Bb7 14. f3 O-O-O 15.
Qg1 Ned7 16. Qf1 b5 17. Nxb5 axb5 18. Ba5 Nb6 19. Bxb5 Nfd7 20. Bxd7+ Rxd7 21.
Qf2 Bd8 22. Rd3 1-0

[Event "29th Czech Open B 2018"]
[Site "Pardubice CZE"]
[Date "2018.07.20"]
[Round "1.8"]
[White "Novotny, Martin"]
[Black "Moroder, Stefan"]
[Result "1/2-1/2"]
[WhiteElo "1892"]
[BlackElo "2183"]
[WhiteFideId "383600"]
[BlackFideId "826537"]
[EventDate "2018.07.20"]

1. d4 Nf6 2. c4 g6 3. Nc3 Bg7 4. e4 d6 5. Nf3 O-O 6. h3 e5 7. d5 a5 8. Bg5 Na6
9. Nd2 h6 10. Be3 Nd7 11. g4 Nb6 12. Bd3 Bd7 13. a3 Nc5 14. Bc2 a4 15. Rg1 Qe7
16. Qe2 c6 17. b4 axb3 18. Nxb3 Nca4 19. Nxa4 Nxa4 20. Qd2 cxd5 21. cxd5 Rfc8
22. Bd3 Rc3 23. Nc1 Rac8 24. Ne2 Rb3 25. Rb1 Rxa3 26. Rxb7 Ra1+ 27. Rb1 Rxb1+
28. Bxb1 Rb8 29. Bd3 Nb2 30. Kf1 1/2-1/2

[Event "29th Czech Open B 2018"]
[Site "Pardubice CZE"]
[Date "2018.07.20"]
[Round "1.9"]
[White "Doberitz, Paul"]
[Black "Spicka, Jan"]
[Result "1-0"]
[WhiteElo "2178"]
[BlackElo "1891"]
[WhiteFideId "24646130"]
[BlackFideId "366781"]
[EventDate "2018.07.20"]

1. c4 Nf6 2. Nc3 g6 3. g3 Bg7 4. Bg2 O-O 5. Nf3 d6 6. O-O Nbd7 7. d3 e5 8. Bd2
a5 9. a3 Ne8 10. b4 axb4 11. axb4 Rxa1 12. Qxa1 f5 13. Ng5 Ndf6 14. Qa8 Qd7 15.
Nd5 Kh8 16. Ne7 Qxe7 17. Qxc8 b6 18. Ne6 Rg8 19. Ra1 e4 20. Ra8 d5 21. Bc3 h6
22. cxd5 exd3 23. exd3 Kh7 24. Qd8 Qf7 25. Ra7 Nh5 26. Nxg7 Nhxg7 27. d6 Nxd6
28. Qxd6 1-0

[Event "29th Czech Open B 2018"]
[Site "Pardubice CZE"]
[Date "2018.07.20"]
[Round "1.10"]
[White "Moeckel, Jens"]
[Black "Pekar, Vaclav"]
[Result "0-1"]
[WhiteElo "1890"]
[BlackElo "2162"]
[WhiteFideId "16202830"]
[BlackFideId "323799"]
[EventDate "2018.07.20"]

1. d4 f5 2. e4 fxe4 3. c4 Nf6 4. g4 e6 5. g5 Ng8 6. d5 Bb4+ 7. Nc3 Ne7 8. Bg2
exd5 9. cxd5 Bxc3+ 10. bxc3 d6 11. Bxe4 O-O 12. Qd3 Bf5 13. Be3 Nd7 14. O-O-O
Nb6 15. c4 Qd7 16. c5 Na4 17. Ne2 Nxc5 18. Bxc5 dxc5 19. Ng3 Bxe4 20. Nxe4 Qa4
21. Rhe1 Ng6 22. Nxc5 Qxa2 23. Ne4 Ne5 24. Qc3 Rae8 25. Rd2 Qc4 26. Qxc4 Nxc4
27. Rde2 Re5 28. Nc5 Rfe8 29. Rxe5 Rxe5 30. Rxe5 Nxe5 31. Kd2 b6 32. Ne6 c6 33.
Ke3 cxd5 34. Kf4 Nc6 35. Nc7 d4 36. Ke4 Kf7 37. f4 g6 38. h4 a5 39. Nb5 Ke6 40.
Nc7+ Kd7 41. Nb5 a4 42. f5 gxf5+ 43. Kxf5 d3 44. Ke4 d2 45. Nc3 a3 46. h5 a2 0-1

[Event "29th Czech Open B 2018"]
[Site "Pardubice CZE"]
[Date "2018.07.20"]
[Round "1.11"]
[White "Maslak, Alexander"]
[Black "Novotna, Tereza"]
[Result "1/2-1/2"]
[WhiteElo "2154"]
[BlackElo "1890"]
[WhiteFideId "4130871"]
[BlackFideId "383597"]
[EventDate "2018.07.20"]

1. e4 d5 2. exd5 Nf6 3. Nf3 Qxd5 4. Nc3 Qh5 5. d4 Bg4 6. Bf4 Bxf3 7. Qxf3 Qxf3
8. gxf3 c6 9. O-O-O Nbd7 10. Ne4 h6 11. c4 g6 12. Bh3 Bg7 13. Rhe1 Kf8 14. Nxf6
Nxf6 15. d5 cxd5 16. cxd5 Rd8 17. Be5 Rxd5 18. Bxf6 Rxd1+ 19. Rxd1 Bxf6 20. Rd7 1/2-1/2

[Event "29th Czech Open B 2018"]
[Site "Pardubice CZE"]
[Date "2018.07.20"]
[Round "1.12"]
[White "Vlkova, Anezka"]
[Black "Alieva, Alexandra"]
[Result "1-0"]
[BlackTitle "WFM"]
[WhiteElo "1889"]
[BlackElo "2137"]
[WhiteFideId "364339"]
[BlackFideId "24133353"]
[EventDate "2018.07.20"]

1. e4 e5 2. Nf3 Nc6 3. Bc4 Nf6 4. d3 Bc5 5. O-O O-O 6. Bg5 Be7 7. Re1 d6 8. a4
Bg4 9. c3 h6 10. Be3 d5 11. exd5 Nxd5 12. a5 a6 13. Nbd2 Kh8 14. Qb3 Nxe3 15.
fxe3 Rb8 16. d4 Bxf3 17. Nxf3 e4 18. Nd2 f5 19. Rf1 Bg5 20. Rfe1 Ne5 21. dxe5
Qxd2 22. Re2 Qd8 23. g3 h5 24. h4 Bh6 25. Bf7 Qe7 26. e6 Qc5 27. Kf2 f4 28. gxf4
Bxf4 29. Qc2 Bh6 30. Qxe4 Qe7 31. Qc4 Rbd8 32. Rg1 b5 33. axb6 cxb6 34. Rg6 b5
35. Rxh6+ gxh6 36. Qf4 Kh7 37. Ke1 Rxf7 38. Qxf7+ Qxf7 39. exf7 Kg7 40. Rf2 Kf8
41. e4 Rd6 42. Ke2 Re6 43. Ke3 a5 44. Kd4 1-0

[Event "29th Czech Open B 2018"]
[Site "Pardubice CZE"]
[Date "2018.07.20"]
[Round "1.13"]
[White "Gramb, Marius"]
[Black "Schaffer, Ondrej"]
[Result "1-0"]
[WhiteElo "2123"]
[BlackElo "1888"]
[WhiteFideId "24656593"]
[BlackFideId "349631"]
[EventDate "2018.07.20"]

1. d4 Nf6 2. c4 e6 3. g3 d5 4. Nf3 Nbd7 5. Bg2 g6 6. O-O Bg7 7. Qc2 O-O 8. Rd1
c6 9. b3 Re8 10. Bb2 b6 11. Nbd2 Bb7 12. e4 Nxe4 13. Nxe4 dxe4 14. Qxe4 Qc7 15.
Ne5 Nxe5 16. dxe5 Rad8 17. Rdc1 Bf8 18. h4 h5 19. Bf3 Rd7 20. Rd1 Red8 21. Rxd7
Rxd7 22. Bc3 c5 23. Qxb7 Qxb7 24. Bxb7 Rxb7 25. Rd1 Be7 26. Kg2 Kf8 27. Kf3 Ke8
28. Ke4 Rc7 29. Rd3 Rb7 30. Bd2 Rd7 31. Bh6 Rd4+ 32. Rxd4 cxd4 33. f3 Bc5 34.
Bd2 d3 35. Kxd3 Bf2 36. Bf4 Kd7 37. Ke2 Bd4 38. Kd3 Bf2 39. Ke2 Bd4 40. g4 Kc6
41. Kd3 Bf2 42. Bg5 Bg3 43. Ke4 Kd7 44. Bf6 Kc6 45. Kd4 Bf2+ 46. Kd3 Kd7 47. b4
Kc6 48. b5+ Kd7 49. Ke4 Bg3 50. a4 Be1 51. Kf4 Bd2+ 52. Kg3 Be1+ 53. Kh3 Ke8 54.
Bg5 Bc3 55. Bf4 Kf8 56. Kg2 Ba1 57. Bg3 Bc3 58. Kf2 Bd4+ 59. Ke2 Ke7 60. Kd3 Bc5
61. Be1 Kf8 62. Ke4 Kg7 63. Kf4 Kh6 64. Kg3 Bd4 65. f4 Bc5 66. a5 Be7 67. axb6
axb6 68. Bf2 Bd8 69. c5 bxc5 70. Bxc5 1-0

[Event "29th Czech Open B 2018"]
[Site "Pardubice CZE"]
[Date "2018.07.20"]
[Round "1.14"]
[White "Nemecek, Pavel"]
[Black "Boehning, Kilian"]
[Result "0-1"]
[WhiteElo "1886"]
[BlackElo "2122"]
[WhiteFideId "381888"]
[BlackFideId "1270499"]
[EventDate "2018.07.20"]

1. e4 e5 2. Nf3 Nc6 3. d4 exd4 4. Bc4 Be7 5. O-O d6 6. Nxd4 Nf6 7. Nc3 O-O 8.
Nxc6 bxc6 9. Bd3 Ng4 10. Bf4 Bf6 11. Be2 Ne5 12. Be3 Be6 13. f4 Nc4 14. Bxc4
Bxc4 15. Rf3 Re8 16. Bd4 Rb8 17. b3 Be6 18. e5 dxe5 19. fxe5 c5 20. Ne4 Qxd4+
21. Qxd4 cxd4 22. exf6 Bd5 23. Nc5 Bxf3 24. gxf3 Re2 25. Rd1 Rxc2 26. Nd7 Re8
27. Kh1 Ree2 28. fxg7 Kxg7 0-1

[Event "29th Czech Open B 2018"]
[Site "Pardubice CZE"]
[Date "2018.07.20"]
[Round "1.15"]
[White "Lugovoy, Dmitry"]
[Black "Zhukenov, Aituar"]
[Result "1/2-1/2"]
[WhiteElo "2118"]
[BlackElo "1886"]
[WhiteFideId "24131644"]
[BlackFideId "13719513"]
[EventDate "2018.07.20"]

1. d4 e6 2. Nf3 Nf6 3. Bg5 c5 4. Nc3 cxd4 5. Qxd4 Nc6 6. Qh4 Be7 7. e4 d6 8.
O-O-O Qc7 9. Bc4 a6 10. Rhe1 O-O 11. e5 dxe5 12. Bd3 e4 13. Nxe4 Nxe4 14. Qxe4
f5 15. Qh4 Bd6 16. Bc4 Re8 17. Nd4 Nxd4 18. Qxd4 Bc5 19. Qe5 Qxe5 20. Rxe5 Bxf2
21. Rxf5 b5 22. Bb3 Ba7 23. Bf4 Bb7 24. Rg5 h6 25. Rg4 Bd5 26. Bxd5 exd5 27.
Rxd5 Re4 28. g3 Rf8 29. Rg6 Bd4 30. Rgd6 Bf6 31. h4 Bxh4 32. Rxa6 Re2 33. Kd1
Rg2 34. Rxb5 Rd8+ 35. Rd6 Rf8 36. Rb7 Bxg3 37. Bxg3 Rxg3 38. a4 Rg2 39. Re7 h5
40. Rd4 1/2-1/2

[Event "29th Czech Open B 2018"]
[Site "Pardubice CZE"]
[Date "2018.07.20"]
[Round "1.16"]
[White "Nguyen, Thai Dai Vinh"]
[Black "Balenovic, Zvonimir"]
[Result "0-1"]
[BlackTitle "FM"]
[WhiteElo "1884"]
[BlackElo "2114"]
[WhiteFideId "375349"]
[BlackFideId "14501252"]
[EventDate "2018.07.20"]

1. e4 d6 2. d4 Nf6 3. Nc3 g6 4. f3 Bg7 5. Be3 c6 6. Qd2 Qa5 7. O-O-O Nbd7 8. Kb1
b5 9. g4 Nb6 10. e5 dxe5 11. dxe5 Nfd5 12. Nxd5 Qxd2 13. Rxd2 Nxd5 14. Bxb5 Bd7
15. Bd4 cxb5 16. e6 Bxd4 17. exd7+ Kxd7 18. Rxd4 e6 19. Ne2 Ke7 20. Rhd1 Rhd8
21. Nc3 Nxc3+ 22. bxc3 Rxd4 23. Rxd4 Rc8 24. Kb2 Rc5 25. Kb3 a5 26. c4 e5 27.
Re4 f5 28. gxf5 gxf5 29. Rh4 Rxc4 30. Rxc4 bxc4+ 31. Kxc4 Kd6 32. a4 Kc6 33. c3
h6 34. h3 h5 35. h4 Kd6 36. Kb5 e4 37. fxe4 fxe4 38. Kc4 Ke5 39. Kb3 e3 40. Kc2
Ke4 41. Kd1 Kd3 42. Ke1 Kxc3 43. Ke2 Kd4 44. Ke1 Ke4 45. Ke2 Kf4 46. Ke1 Kg3 47.
Ke2 Kxh4 0-1

[Event "29th Czech Open B 2018"]
[Site "Pardubice CZE"]
[Date "2018.07.20"]
[Round "1.17"]
[White "Slonimskij, Arkadij"]
[Black "Gillespie, Gary"]
[Result "1-0"]
[WhiteElo "2114"]
[BlackElo "1883"]
[WhiteFideId "4113420"]
[BlackFideId "2402777"]
[EventDate "2018.07.20"]

1. d4 d5 2. c4 e6 3. cxd5 exd5 4. Nc3 Nf6 5. Bg5 c6 6. e3 Bf5 7. Qf3 Bg6 8. Bxf6
Qxf6 9. Qxf6 gxf6 10. Nf3 Nd7 11. Nh4 Nb6 12. O-O-O Nc8 13. Ne2 Nd6 14. Ng3
O-O-O 15. Bd3 Kc7 16. Nhf5 Nxf5 17. Nxf5 Bd6 18. h4 h5 19. Kd2 a5 20. Rc1 Rhg8
21. g3 Rde8 22. Rc2 Rd8 23. Rhc1 a4 24. Ke2 Rge8 25. Nxd6 Kxd6 26. Rc5 Ra8 27.
Kd2 Rec8 28. Rg1 Bxd3 29. Kxd3 f5 30. Ke2 b6 31. Rc3 Rc7 32. Rd1 Ke6 33. Rdc1
Rac8 34. Ra3 c5 35. Rxa4 cxd4 36. Rxc7 Rxc7 37. Rxd4 Rc2+ 38. Rd2 Rc1 39. Kd3
Rc8 40. Rc2 Ra8 41. Rc6+ Kd7 42. Rxb6 Rxa2 43. Kc2 Ke7 44. Rh6 Ra1 45. Rxh5 Ke6
46. Rh6+ f6 47. Kd3 Rb1 48. f3 Rxb2 49. g4 Rb3+ 50. Ke2 fxg4 51. fxg4 Kf7 52.
Rh7+ Ke6 53. Ra7 Rb4 54. Kf3 d4 55. Ra6+ Ke5 56. Ra5+ Ke6 57. e4 Rb1 58. g5 fxg5
59. Rxg5 Rf1+ 60. Kg3 d3 61. Rd5 Re1 62. Kf4 Rh1 63. Kg5 Rg1+ 64. Kh5 Re1 65.
Rxd3 Rxe4 66. Rf3 Ke7 67. Kg5 Re1 68. h5 Rg1+ 69. Kh6 Rg2 70. Kh7 Rg1 71. h6 Rg2
72. Kh8 Rg1 73. Ra3 Kf8 74. Ra8+ Kf7 75. Ra7+ Kf8 76. Rg7 Rh1 77. Kh7 Rh2 78.
Rg5 Rf2 79. Rg8+ Kf7 80. Ra8 Rg2 81. Kh8 Rh2 82. Ra7+ Kf8 83. Ra6 Rh1 84. Rf6+
Ke7 85. Kg7 Rh2 86. Rg6 1-0

[Event "29th Czech Open B 2018"]
[Site "Pardubice CZE"]
[Date "2018.07.20"]
[Round "1.18"]
[White "Ziemann, Christian"]
[Black "Mulenko, Alexander"]
[Result "0-1"]
[WhiteElo "1881"]
[BlackElo "2109"]
[WhiteFideId "24679313"]
[BlackFideId "24105430"]
[EventDate "2018.07.20"]

1. e4 c5 2. Nf3 g6 3. d4 Bg7 4. Nc3 cxd4 5. Nxd4 Nc6 6. Be3 Nf6 7. Bc4 O-O 8.
Bb3 d6 9. h3 Bd7 10. O-O Rc8 11. f4 Qa5 12. Nf3 Qh5 13. e5 dxe5 14. fxe5 Nxe5
15. Nxe5 Qxe5 16. Bd4 Qc7 17. Bxf6 Bxf6 18. Rxf6 exf6 19. Nd5 Qe5 20. Qf3 Kg7
21. Qf2 Be6 22. c4 Bxd5 23. cxd5 b6 24. Re1 Qd6 25. h4 Rfe8 26. Rf1 Re5 27. Qf4
Qc5+ 28. Qf2 Rf5 29. Qxc5 Rxf1+ 30. Kxf1 bxc5 31. Ke2 Kf8 32. Kd3 Ke7 33. Kc4
Kd6 34. a3 Rb8 35. g4 Rxb3 36. Kxb3 Kxd5 37. a4 a5 38. Kc3 c4 39. b4 cxb3 40.
Kxb3 Kd4 0-1

[Event "29th Czech Open B 2018"]
[Site "Pardubice CZE"]
[Date "2018.07.20"]
[Round "1.19"]
[White "Thenhausen, Dirk"]
[Black "Altenbernd, Dirk"]
[Result "1/2-1/2"]
[WhiteElo "2101"]
[BlackElo "1876"]
[WhiteFideId "4645529"]
[BlackFideId "24641090"]
[EventDate "2018.07.20"]

1. e4 c6 2. d4 g6 3. Nc3 Bg7 4. Nf3 d5 5. h3 dxe4 6. Nxe4 Nd7 7. Bc4 Ngf6 8. Ng3
Qc7 9. O-O O-O 10. Re1 e6 11. Qe2 c5 12. Be3 b6 13. dxc5 Nxc5 14. Bd4 Bb7 15.
Ne5 Nfe4 16. Nxe4 Nxe4 17. Nf3 Bxd4 18. Nxd4 Qc5 19. c3 Qg5 20. f3 Ng3 21. Qf2
Nh5 22. g4 Nf4 23. Qg3 Nd5 24. Rad1 Rfd8 25. Kf2 Rac8 26. Bb3 Qe7 27. Re5 Qf6
28. h4 a6 29. g5 Qf4 30. Bxd5 Qxg3+ 31. Kxg3 Bxd5 32. a3 Kg7 33. Rde1 h6 34.
gxh6+ Kxh6 35. h5 f6 36. R5e3 e5 37. Ne2 gxh5 1/2-1/2

[Event "29th Czech Open B 2018"]
[Site "Pardubice CZE"]
[Date "2018.07.20"]
[Round "1.20"]
[White "Kosut, Tomas"]
[Black "Husarik, Branko"]
[Result "0-1"]
[WhiteElo "1873"]
[BlackElo "2096"]
[WhiteFideId "354686"]
[BlackFideId "324140"]
[EventDate "2018.07.20"]

1. e4 e5 2. Nf3 Nc6 3. Bc4 Nf6 4. Ng5 d5 5. exd5 b5 6. dxc6 bxc4 7. Nc3 Bc5 8.
O-O O-O 9. Qe2 Qd6 10. Qxc4 Qxc6 11. d3 Ba6 12. Qa4 Qb6 13. Nce4 Be7 14. Nxf6+
Qxf6 15. Ne4 Qg6 16. Re1 Rab8 17. Qd7 Bd6 18. Nxd6 cxd6 19. Qxa7 Bb7 20. f3 Bxf3
21. Qf2 Bc6 22. a4 Rb4 23. b3 Rg4 24. Re2 Bxg2 25. Qxg2 e4 26. Bb2 f6 27. dxe4
Rxg2+ 28. Rxg2 Qxe4 29. a5 Kf7 30. c3 h5 31. Rf1 h4 32. c4 Rb8 33. Rgf2 Rxb3 34.
Bxf6 gxf6 35. Rxf6+ Kg7 36. Rf7+ Kg6 37. a6 h3 38. R7f2 Ra3 0-1

[Event "29th Czech Open B 2018"]
[Site "Pardubice CZE"]
[Date "2018.07.20"]
[Round "1.21"]
[White "Adloff, Ralf"]
[Black "Braun, Kristin"]
[Result "1/2-1/2"]
[WhiteElo "2091"]
[BlackElo "1871"]
[WhiteFideId "24608696"]
[BlackFideId "24656534"]
[EventDate "2018.07.20"]

1. e4 c5 2. Be2 g6 3. d3 Bg7 4. f4 Nc6 5. Nf3 e6 6. O-O Nge7 7. c3 d5 8. Be3 d4
9. Bd2 Qb6 10. Na3 O-O 11. Nc4 Qc7 12. a4 b6 13. Qb3 Ba6 14. Rac1 Rfd8 15. Kh1
Rab8 16. cxd4 Nxd4 17. Nxd4 Bxd4 18. Na3 Qd7 19. Nb5 Bxb5 20. axb5 Nc8 21. f5
exf5 22. exf5 Qd5 23. Qxd5 Rxd5 24. fxg6 hxg6 25. Bf3 Rd8 26. Bf4 Nd6 27. Bd5
Bxb2 28. Rc2 Bd4 29. Bxd6 Rxd6 30. Bxf7+ Kg7 31. Bc4 Rb7 32. Re2 Rdd7 1/2-1/2

[Event "29th Czech Open B 2018"]
[Site "Pardubice CZE"]
[Date "2018.07.20"]
[Round "1.22"]
[White "Modder, Frank"]
[Black "Galicek, Stanislav"]
[Result "0-1"]
[WhiteElo "1867"]
[BlackElo "2089"]
[WhiteFideId "24631612"]
[BlackFideId "316342"]
[EventDate "2018.07.20"]

1. d4 Nf6 2. Nf3 g6 3. c4 Bg7 4. Nc3 d5 5. cxd5 Nxd5 6. Qb3 Nxc3 7. bxc3 O-O 8.
e3 Nc6 9. Be2 e5 10. O-O b6 11. Qa4 Qf6 12. Nd2 Na5 13. Ba3 Rd8 14. Bb4 Bd7 15.
Qc2 Nb7 16. Nf3 c5 17. dxe5 Qe7 18. Ba3 Na5 19. Rad1 Nc6 20. Rd2 Nxe5 21. Rfd1
Be6 22. Nd4 Bd7 23. Nf3 Bc6 24. Nd4 Bb7 25. Nb5 Rxd2 26. Qxd2 Qg5 27. g3 Nf3+
28. Bxf3 Bxf3 29. h4 Qg4 0-1

[Event "29th Czech Open B 2018"]
[Site "Pardubice CZE"]
[Date "2018.07.20"]
[Round "1.23"]
[White "Koehn, Lennart"]
[Black "Gillespie, David Paul"]
[Result "1-0"]
[WhiteElo "2087"]
[BlackElo "1865"]
[WhiteFideId "12938041"]
[BlackFideId "2402769"]
[EventDate "2018.07.20"]

1. e4 c5 2. Nf3 d6 3. d4 cxd4 4. Nxd4 Nf6 5. f3 a6 6. c4 Nc6 7. Nc3 g6 8. Be3
Bg7 9. Qd2 O-O 10. Be2 Nxd4 11. Bxd4 Be6 12. O-O Rc8 13. b3 Qa5 14. Rab1 Rfe8
15. Rfc1 Nd7 16. Be3 Qb4 17. Nd5 Qxd2 18. Bxd2 Bxd5 19. cxd5 Bd4+ 20. Kh1 Kg7
21. g3 Nb6 22. Bf1 e6 23. dxe6 fxe6 24. Bh3 Kf7 25. Ba5 Rxc1+ 26. Rxc1 Rc8 27.
Rd1 Be3 28. Bf1 Rc6 29. Rd3 Bh6 30. f4 Bg7 31. Kg2 Nd7 32. Bb4 Bf8 33. Rd2 Nf6
34. Bd3 d5 35. exd5 exd5 36. Bxf8 Kxf8 37. Rc2 Rxc2+ 38. Bxc2 Kf7 39. Kf3 Ke6
40. g4 b6 41. h4 Nd7 42. f5+ Kf6 43. Kf4 gxf5 44. Bxf5 Nf8 45. g5+ Kg7 46. h5
Ne6+ 47. Bxe6 1-0

[Event "29th Czech Open B 2018"]
[Site "Pardubice CZE"]
[Date "2018.07.20"]
[Round "1.24"]
[White "Puglia, Francesco"]
[Black "Krumina, Linda"]
[Result "1/2-1/2"]
[BlackTitle "WFM"]
[WhiteElo "1865"]
[BlackElo "2086"]
[WhiteFideId "2820060"]
[BlackFideId "11601701"]
[EventDate "2018.07.20"]

1. e4 Nf6 2. e5 Nd5 3. d4 d6 4. c4 Nb6 5. f4 dxe5 6. fxe5 Nc6 7. Be3 Bf5 8. Nc3
e6 9. Nf3 Be7 10. d5 Nb4 11. Nd4 O-O 12. Nxf5 exf5 13. a3 Na6 14. Bd3 Bc5 15.
Bxc5 Nxc5 16. O-O Qh4 17. Bxf5 Nxc4 18. g3 Qe7 19. b4 Qxe5 20. bxc5 Qxc3 21. Rc1
Qe3+ 22. Kg2 Qxc5 23. Bxh7+ Kxh7 24. Qd3+ g6 25. Rxc4 Qd6 26. Rh4+ Kg7 27. Qd2
Rh8 28. Rhf4 Rhf8 29. Rh4 Rh8 30. Rhf4 Raf8 31. Rf6 Qe5 32. Qd3 Rh5 33. d6 cxd6
34. Qxd6 Qe4+ 35. R1f3 Rd5 36. Rxg6+ fxg6 37. Qxf8+ Kh7 38. Qf7+ 1/2-1/2